Αγροτική πολιτική
Αποθηκεύτηκε σε:
| Κύριος συγγραφέας: | |
|---|---|
| Μορφή: | Βιβλίο |
| Γλώσσα: | Greek |
| Δημοσίευση: |
Θεσσαλονίκη :
[χ.ε.],
1970.
|
| Θέματα: | |
| Ετικέτες: |
Προσθήκη ετικέτας
Δεν υπάρχουν, Καταχωρήστε ετικέτα πρώτοι!
|
MARC
| LEADER | 00000cam a2200000 i 4500 | ||
|---|---|---|---|
| 001 | 1/18817 | ||
| 008 | 010321s1970 gr | ||| |||| ||gre|| | ||
| 035 | |l 10066625 | ||
| 040 | |a GR-MY-UA |b gre |e aacr | ||
| 041 | 0 | |a gre | |
| 082 | 7 | |a 338.1609495 |2 (22) | |
| 100 | 1 | |a Παπαγεωργίου, Ευθύμιος, |d 1912- | |
| 245 | 1 | 0 | |a Αγροτική πολιτική / |c Ευθυμίου Παπαγεωργίου. |
| 260 | |a Θεσσαλονίκη : |b [χ.ε.], |c 1970. | ||
| 300 | |a 639 σ. : |b διαγρ. ; |c 24 εκ. | ||
| 504 | |a Περιέχει βιβλιογραφικές παραπομπές και ευρετήριο. | ||
| 650 | 0 | 0 | |a Agriculture |x Economic aspects |z Greece. |
| 650 | 0 | 0 | |a Agriculture and state |z Greece. |
| 852 | |a INST |b LESVOS |e 20010321 |h 338.1609495 ΠΑΠ |p 005100029052 |q 005100029052 |t BK |y 0 | ||
| 901 | |a BIBL1-2001-1 | ||
| 909 | |a Λ |b 082271 | ||
| 970 | |a ΤΖΑΦΕΡΗ |b ΕΥΑΓΓΕΛΙΑ |z 2001/03/21 | ||